00502nam a2200169Ia 450000500170000000800410001702000150005808200130007324500350008626000360012130000180015750000140017570000270018994200060021695200950022299900150031720250122012044.0240331s9999 xx 000 0 und d a095479981X bROOa920 0aAJ :b The Rooted Cosmopolitan aUnited KingdombTamiliyalc2008 axix, 245 p ., aBiography akanaganayagam,C. eedt cL 001040708LaWERCLbWERCLcSSCd2024-03-31l0o 920 ROOp6378r2024-03-31w2024-03-31yL c5834d5834